| 000 | 00539 a2200205 4500 | ||
|---|---|---|---|
| 005 | 20260129102120.0 | ||
| 008 | 260128b |||||||| |||| 00| 0 eng d | ||
| 020 |
_a9788175246096 _cRs. 1300.00 |
||
| 040 | _aMAIN | ||
| 082 |
_a796.07019 _bK128P |
||
| 100 | _aKamlesh, M L | ||
| 245 | _aPsychology in physical education and sports | ||
| 250 | _a6th | ||
| 260 |
_bKhel Sahitya Kendra _c2024 _aNew Delhi |
||
| 300 | _aix, 587 | ||
| 650 | _aPhysical Education | ||
| 650 | _aSports | ||
| 650 | _aGrowth Development | ||
| 942 | _cBK | ||
| 999 |
_c393769 _d393769 |
||